00410nam a22001097a 450000500170000000800410001702000160005810000260007424501300010026000610023030000090029120251006133247.0251006b |||||||| |||| 00| 0 eng d a0-877845158 a Emerson, Allend1989 athe invasion of the computer culture: what you need to know about the new world we live inc/ Allen Emerson and Cheryl Forbes aDowners Grove,bintervarsity Christian fellowship c1989 c20.8